000 00476nam a2200181Ia 4500
001 16888
005 20260306170344.0
008 260306t2005||||xx |||||||||||||| ||und||
041 _aESP
082 _a657.3
_bF38F T. 2
100 _aFerrer Quea, Alejandro
_eAUT
245 0 _aFormulación, análisis e interpretación de los EE.FF. en sus ocho fases más importantes
260 _c2005
300 _a
_c
650 _aGEN
654 _aCCO
942 _cLIB
_dJUS
_fJUS
_2ddc
_n
999 _c16888
_d16888